The implementation.
Spurred on by the offer of funding, our two Manchester schools have developed their ideas aimed at boosting GCSE results, but can they put them into practice in just a matter of weeks? Fiona McGarvey, Head of Maths at St. Peters RC High School wants to introduce drop in revision sessions before and...
| Corporate Author: | |
|---|---|
| Format: | Video |
| Language: | English |
| Language Notes: | This edition in English. |
| Published: |
[London] :
Teachers TV/UK Dept. of Education,
2007.
|
| Series: | Education in video
Innovation challenge ; 2 |
| Subjects: | |
| Online Access: | Connect to this streaming video (Alexander Street Press) |
MARC
| Tag | First Indicator | Second Indicator | Subfields |
|---|---|---|---|
| LEADER | 00000cgm a2200000Ma 4500 | ||
| 001 | in00005544813 | ||
| 006 | m o c | ||
| 007 | cr |n|---||a|a | ||
| 007 | vz |zazu| | ||
| 008 | 120229s2007 enk018 o vleng d | ||
| 005 | 20241201230117.1 | ||
| 035 | |a (OCoLC)ocn815779561 | ||
| 040 | |a ALSTP |b eng |e pn |c ALSTP |d OCLCO |d OCLCQ |d OCLCF |d OCLCQ |d OCLCO |d VZF |d OCL |d OCLCQ |d OCLCO |d OCLCQ |d EZ9 |d MNI |d INT |d OCLCQ |d WYU |d OCLCO |d OCLCL | ||
| 035 | |a (OCoLC)815779561 | ||
| 043 | |a e-uk--- | ||
| 050 | 4 | |a PN1200eb | |
| 049 | |a TXAM | ||
| 245 | 0 | 4 | |a The implementation. |
| 260 | |a [London] : |b Teachers TV/UK Dept. of Education, |c 2007. | ||
| 300 | |a 1 online resource (18 min.). | ||
| 336 | |a two-dimensional moving image |b tdi |2 rdacontent | ||
| 337 | |a computer |b c |2 rdamedia | ||
| 338 | |a online resource |b cr |2 rdacarrier | ||
| 490 | 0 | |a Education in video | |
| 490 | 0 | |a Innovation challenge ; |v 2 | |
| 500 | |a Title from resource description page (viewed Mar. 5, 2012). | ||
| 520 | |a Spurred on by the offer of funding, our two Manchester schools have developed their ideas aimed at boosting GCSE results, but can they put them into practice in just a matter of weeks? Fiona McGarvey, Head of Maths at St. Peters RC High School wants to introduce drop in revision sessions before and after school. But will any pupils turn up? Meanwhile over at Cedar Mount High School, Head of English Paul Barker-Matthews plans to take 80 pupils to a nearby college for three days of intensive revision, but has to overcome time table and staffing issues if he is to succeed. | ||
| 546 | |a This edition in English. | ||
| 650 | 0 | |a Educational tests and measurements |z Great Britain. | |
| 650 | 0 | |a General Certificate of Secondary Education. | |
| 650 | 0 | |a Academic achievement |z Great Britain. | |
| 650 | 0 | |a Teaching |x Methods. | |
| 650 | 6 | |a Tests et mesures en éducation |z Grande-Bretagne. | |
| 650 | 6 | |a General Certificate of Secondary Education (Grande-Bretagne) | |
| 650 | 7 | |a Academic achievement. |2 fast |0 (OCoLC)fst00794949 | |
| 650 | 7 | |a Educational tests and measurements. |2 fast |0 (OCoLC)fst00903660 | |
| 650 | 7 | |a General Certificate of Secondary Education. |2 fast |0 (OCoLC)fst00939697 | |
| 650 | 7 | |a Teaching. |2 fast |0 (OCoLC)fst01144565 | |
| 651 | 7 | |a Great Britain. |2 fast |0 (OCoLC)fst01204623 |1 https://id.oclc.org/worldcat/entity/E39PBJdmp7p3cx8hpmJ8HvmTpP | |
| 655 | 4 | |a Alexander Street Video. | |
| 655 | 7 | |a Documentary television programs. |2 fast |0 (OCoLC)fst01710387 | |
| 655 | 7 | |a Methods (Music) |2 fast |0 (OCoLC)fst01423850 | |
| 655 | 7 | |a Documentary television programs. |2 lcgft | |
| 655 | 7 | |a Documentaires télévisés. |2 rvmgf | |
| 710 | 2 | |a Maverick Television (Television network) |4 pro | |
| 776 | 0 | 8 | |i Print version: |t Implementation. |d [London] : Teachers TV/UK Dept. of Education, 2007 publisher catalog number |o C/2248/002 |
| 856 | 4 | 0 | |u http://proxy.library.tamu.edu/login?url=https://www.aspresolver.com/aspresolver.asp?AVN2;1781458 |z Connect to this streaming video (Alexander Street Press) |t 0 |
| 955 | |a Alexander Street Press subscription streaming video | ||
| 994 | |a 92 |b TXA | ||
| 999 | f | f | |s 8dd5f24b-f448-44a4-a6bf-a9821f267fac |i d318c7f3-7710-432b-8c73-aeed04b900ad |t 0 |
| 952 | f | f | |a Texas A&M University |b College Station |c Electronic Resources |d Available Online |t 0 |e PN1200eb |h Library of Congress classification |
| 998 | f | f | |a PN1200eb |t 0 |l Available Online |